Dificultades del aprendizaje de las matemáticas: un enfoque evolutivo

Wedi'i Gadw mewn:
Manylion Llyfryddiaeth
Prif Awduron: Miranda Casas, Ana (autora), Fortes, Carmen (Awdur), Gil, María Dolores (Awdur)
Fformat: Llyfr
Iaith:Sbaeneg
Cyhoeddwyd: Málaga Aljibe 2000
Rhifyn:2a. ed
Pynciau:
Tagiau: Ychwanegu Tag
Dim Tagiau, Byddwch y cyntaf i dagio'r cofnod hwn!

MARC

LEADER 00000cam a2200000 a 4500
001 UCH0768
003 CL-VaPUC
008 090326e20000000SP |||||||||||||||||spa|d
020 |a 8487767915 
082 0 4 |a 372.7  |b MIR  |2 21 
100 |a Miranda Casas, Ana  |e autora  |9 535092 
700 0 |a Fortes, Carmen  |e author  |9 535093 
700 0 |a Gil, María Dolores  |e author  |9 535094 
245 1 0 |a Dificultades del aprendizaje de las matemáticas: un enfoque evolutivo 
250 |a 2a. ed 
300 |a 215 p 
942 |c BK 
945 |d 20090326 00:00:00  |a rbrito 
260 |a Málaga  |b Aljibe  |c 2000 
650 0 |a Matemáticas  |x Enseñanza  |9 875527 
650 0 |a Educación básica   |9 224933 
650 0 |a Dificultades del aprendizaje  |9 491990 
583 |a last modification  |c 20160802 05:11:32  |k Rodrigo Vera 
999 |c 333011  |d 333009 
952 |0 0  |1 0  |4 0  |6 372_700000000000000_MIR_2000  |7 0  |8 A  |9 421123  |a BIBEDU  |b BIBEDU  |d 2019-11-22  |i 4524136  |o 372.7 MIR 2000  |p 4524136  |r 2019-11-22  |w 2019-11-22  |y BK  |k EDI 
952 |0 0  |1 0  |4 0  |6 372_700000000000000_MIR_2000  |7 0  |8 A  |9 421124  |a BIBEDU  |b BIBEDU  |d 2019-11-22  |i 462002K  |o 372.7 MIR 2000  |p 462002K  |r 2019-11-22  |w 2019-11-22  |y BK  |k EPE 
952 |0 0  |1 0  |3 erb  |4 0  |6 372_700000000000000_MIR_2000  |7 0  |8 A  |9 421125  |a BIBEDU  |b BIBEDU  |i 533571K  |o 372.7 MIR 2000  |p 533571K  |r 2019-11-22  |w 2019-11-22  |y BK  |z Catalogado en:20160807  |k EDI